000 00588nam a2200193Ia 4500
003 GCL
008 140319s9999 xx 000 0 ara d
020 _a5140409960
040 _aGCL /
_cGCL
082 0 4 _a239
_bع م
100 1 _aعدنان الطرشة
245 1 0 _aماذا يحب النبى محمد وماذا يكره /
_cعدنان الطرشة
250 _aالاولى
260 _aالرياض :
_bمكتبة العبيكان ،
_c2002
300 _a625 ص ؛
_c24 سم
650 0 4 _aالسيرة النبوية
650 0 4 _aاخلاق الرسول
942 _2ddc
_cBK
999 _c5464
_d5464